Analysis and Interpretation of Range Images /

Computer vision researchers have been frustrated in their attempts to automatically derive depth information from conventional two-dimensional intensity images. Research on "shape from texture", "shape from shading", and "shape from focus" is still in a laboratory stage...

Full description

Bibliographic Details
Main Author: Jain, Ramesh C.
Corporate Author: SpringerLink (Online service)
Other Authors: Jain, Anil K.
Format: eBook
Language:English
Published: New York, NY : Springer New York, 1990.
Series:Springer series in perception engineering.
Subjects:
Online Access:Connect to the full text of this electronic book

MARC

Tag First Indicator Second Indicator Subfields
LEADER 00000cam a2200000Mi 4500
001 in00003573607
006 m o d
007 cr mnu---uuaaa
008 121227s1990 nyua o 000 0 eng
005 20260420203549.3
019 |a 840279312 
020 |a 9781461233602 (electronic bk.) 
020 |a 1461233607 (electronic bk.) 
020 |z 9781461279808 
020 |z 1461279801 
035 |a (OCoLC)852787973  |z (OCoLC)840279312 
040 |a AU@  |b eng  |c AU@  |d OCLCO  |d OCLCQ  |d I9W  |d GW5XE  |d OCLCA  |d OCLCF  |d UtOrBLW 
049 |a TXAM 
050 4 |a TA1637-1638 
072 7 |a UYT  |2 bicssc 
072 7 |a UYQV  |2 bicssc 
072 7 |a COM012000  |2 bisacsh 
072 7 |a COM016000  |2 bisacsh 
082 0 4 |a 006.6  |2 23 
082 0 4 |a 006.37  |2 23 
100 1 |a Jain, Ramesh C. 
245 1 0 |a Analysis and Interpretation of Range Images /  |c edited by Ramesh C. Jain, Anil K. Jain. 
264 1 |a New York, NY :  |b Springer New York,  |c 1990. 
300 |a 1 online resource (xiii, 387 pages 161 illustrations) 
336 |a text  |b txt  |2 rdacontent 
337 |a computer  |b c  |2 rdamedia 
338 |a online resource  |b cr  |2 rdacarrier 
490 1 |a Springer Series in Perception Engineering,  |x 1431-858X 
505 0 |a Report: 1988 NSF Range Image Understanding Workshop -- A Rule-Based Approach to Binocular Stereopsis -- Geometric Signal Processing -- Segmentation Versus Object Representation -- Are They Separable? -- Object Recognition -- Applications of Range Image Sensing and Processing -- 3-D Vision Techniques for Autonomous Vehicles -- Multisenor Fusion for Automatic Scene Interpretation -- Bibliography. 
520 |a Computer vision researchers have been frustrated in their attempts to automatically derive depth information from conventional two-dimensional intensity images. Research on "shape from texture", "shape from shading", and "shape from focus" is still in a laboratory stage and had not seen much use in commercial machine vision systems. A range image or a depth map contains explicit information about the distance from the sensor to the object surfaces within the field of view in the scene. Information about "surface geometry" which is important for, say, three-dimensional object recognition is more easily extracted from "2 1/2 D" range images than from "2D" intensity images. As a result, both active sensors such as laser range finders and passive techniques such as multi-camera stereo vision are being increasingly utilized by vision researchers to solve a variety of problems. This book contains chapters written by distinguished computer vision researchers covering the following areas: Overview of 3D Vision Range Sensing Geometric Processing Object Recognition Navigation Inspection Multisensor Fusion A workshop report, written by the editors, also appears in the book. It summarizes the state of the art and proposes future research directions in range image sensing, processing, interpretation, and applications. The book also contains an extensive, up-to-date bibliography on the above topics. This book provides a unique perspective on the problem of three-dimensional sensing and processing; it is the only comprehensive collection of papers devoted to range images. Both academic researchers interested in research issues in 3D vision and industrial engineers in search of solutions to particular problems will find this a useful reference book. 
500 |a Electronic resource. 
650 0 |a Computer science. 
650 0 |a Artificial intelligence. 
650 0 |a Computer graphics. 
650 0 |a Computer vision. 
650 7 |a Artificial intelligence.  |2 fast  |0 (OCoLC)fst00817247 
650 7 |a Computer graphics.  |2 fast  |0 (OCoLC)fst00872119 
650 7 |a Computer science.  |2 fast  |0 (OCoLC)fst00872451 
650 7 |a Computer vision.  |2 fast  |0 (OCoLC)fst00872687 
655 7 |a Electronic books.  |2 local 
700 1 |a Jain, Anil K. 
710 2 |a SpringerLink (Online service) 
776 1 8 |i Print version:  |z 9781461279808 
830 0 |a Springer series in perception engineering. 
856 4 0 |u http://proxy.library.tamu.edu/login?url=https://link.springer.com/10.1007/978-1-4612-3360-2  |z Connect to the full text of this electronic book  |t 0 
994 |a 92  |b TXA 
999 |a MARS 
999 f f |s 670bc313-a65b-30e5-9cc1-96a1d8279a68  |i 38dd2542-f0dd-3baf-8c27-6775c4ea091e  |t 0 
952 f f |a Texas A&M University  |b College Station  |c Electronic Resources  |s www_evans  |d Available Online  |t 0  |e TA1637-1638  |h Library of Congress classification 
998 f f |a TA1637-1638  |t 0  |l Available Online